[Event "Prague op"]
[Site "Prague"]
[Date "1986.??.??"]
[Round "?"]
[White "Bielczyk, Jacek"]
[Black "Hausner, Ivan"]
[Result "1/2-1/2"]
[WhiteElo "2390"]
[BlackElo "2400"]

1.e4 d6 2.d4 Nf6 3.Nc3 c6 4.Be2 Qb6 5.Rb1 e5 6.Be3 Qa5 7.Qd2 Be7 8.h3 Nbd7
9.Nf3 O-O 10.O-O Qc7 11.a4 Re8 12.Rfe1 Bf8 13.Bf1 a6 14.d5 cxd5 15.Nxd5 Nxd5
16.exd5 Nc5 17.a5 Bf5 18.Rbc1 Rac8 19.Qb4  1/2-1/2

[Event "Prague op"]
[Site "Prague"]
[Date "1986.??.??"]
[Round "?"]
[White "Hennings, Artur"]
[Black "Hausner, Ivan"]
[Result "1-0"]
[WhiteElo "2375"]
[BlackElo "2400"]

1.e4 d6 2.d4 Nf6 3.Nc3 c6 4.f4 Qa5 5.e5 Ne4 6.Bd3 Nxc3 7.Qd2 g5 8.Qxc3 Qxc3+
9.bxc3 gxf4 10.Bxf4 Na6 11.Nf3 Nc7 12.exd6 exd6 13.O-O Be6 14.Rae1 h6 15.Nh4 O-O-O
16.Nf5 Nd5 17.Bd2 Ne7 18.Ng3 h5 19.Ne4 Bxa2 20.Ra1 Bd5 21.Rxa7 Kb8 22.Raa1 Bh6
23.Bxh6 Rxh6 24.Rf6 Rg6 25.Rxg6 Nxg6 26.Nf6 Nf4 27.g3 Nxd3 28.cxd3 Bf3 29.Re1 c5
30.Kf2 Bg4 31.Ke3 Bf5 32.Rf1 Bg6 33.c4 Kc7 34.Rb1 Ra8 35.Nd5+ Kb8 36.dxc5 dxc5
37.Rb5 Ra2 38.Rxc5 Rxh2 39.Nf6 Ka7 40.Nd7 Ka6 41.Rb5 h4 42.Nc5+ Ka7 43.Rxb7+ Ka8
44.gxh4 Rh3+ 45.Kd2 Bxd3 46.Rb3 Bf5 47.Rxh3 Bxh3 48.h5 Bf5 49.h6  1-0

[Event "Prague op"]
[Site "Prague"]
[Date "1986.??.??"]
[Round "?"]
[White "Pribyl, Josef"]
[Black "Hausner, Ivan"]
[Result "1-0"]
[WhiteElo "2415"]
[BlackElo "2400"]

1.e4 d6 2.d4 Nf6 3.Nc3 c6 4.h3 Nbd7 5.Nf3 e5 6.Be3 Be7 7.Be2 O-O 8.O-O Re8
9.a4 Bf8 10.a5 exd4 11.Qxd4 d5 12.exd5 Bc5 13.Qd2 Bxe3 14.fxe3 cxd5 15.Nxd5 Nxd5
16.Qxd5 Qe7 17.Ra3 Nf6 18.Qd4 Bf5 19.Bd3 Bd7 20.a6 b6 21.Rc3 Rac8 22.Rxc8 Bxc8
23.Re1 Qc7 24.Qh4 Qc5 25.b4 Qc3 26.Qc4 Qxc4 27.Bxc4 Bf5 28.Nd4 Rc8 29.Bb3 Bd7
30.e4 Ne8 31.e5 Nc7 32.Rf1 Rf8 33.c3 g6 34.Bc4 b5 35.Bb3 Nxa6 36.Ra1 Nc7
37.Rxa7 Rc8 38.Kf2 Kf8 39.Ke3 Ke8 40.Kf4 Ne6+ 41.Bxe6 fxe6 42.Kg5 Rxc3 43.Kf6 Rc8
44.Nxe6 Rc6 45.Ra8+ Bc8 46.Kg7 Rxe6 47.Rxc8+ Kd7 48.Rc5 Re7+ 49.Kh6 Ke6 50.Rxb5 Kf5
51.g4+ Kf4 52.Rc5 Kg3 53.Kg5 Kxh3 54.Rc3+ Kg2 55.Kf6 Rb7 56.Rc4 h5 57.gxh5 gxh5
58.e6  1-0

[Event "Prague op"]
[Site "Prague"]
[Date "1986.??.??"]
[Round "?"]
[White "Vanka, Miloslav"]
[Black "Pribyl, Josef"]
[Result "0-1"]
[WhiteElo "2305"]
[BlackElo "2415"]

1.e4 d6 2.d4 Nf6 3.Nc3 c6 4.Bd3 e5 5.Nge2 Be7 6.h3 b5 7.Be3 Bb7 8.Ng3 g6
9.dxe5 dxe5 10.Bh6 Nbd7 11.Qe2 Nc5 12.O-O Ne6 13.Rad1 Qc7 14.a4 a6 15.Kh1 Nd7
16.Qd2 Ndc5 17.axb5 axb5 18.Be2 Rd8 19.Qe3 Nd4 20.Bd3 Nxd3 21.cxd3 Ne6 22.Nce2 Bc5
23.Qc1 Qb6 24.Qc3 f6 25.Qb3 Bc8 26.f4 Be3 27.Rf3 exf4 28.Nf1 Bc5 29.Bxf4 O-O
30.Bh6 Rf7 31.Nfg3 Bd4 32.Rdf1 Be5 33.Be3 c5 34.Nc3 Rxd3 35.Qc2 Rdd7 36.Nd5 Qd8
37.Bxc5 Rc7 38.b4 Nd4 39.Qa2 Nxf3 40.Nxc7 Qxc7 41.Rxf3 Bxg3 42.Rxf6 Be5 43.Rf1 Kg7
44.Rd1 Qc6  0-1

[Event "CSR-ch"]
[Site "Prague"]
[Date "1986.??.??"]
[Round "4"]
[White "Blatny, Pavel"]
[Black "Pekarek, Ales"]
[Result "1/2-1/2"]
[WhiteElo "2415"]
[BlackElo "2440"]

1.e4 d6 2.d4 Nf6 3.Nc3 c6 4.f3 Nbd7 5.Be3 e5 6.dxe5 dxe5 7.Qd2 Qc7 8.O-O-O Bc5
9.g4 O-O 10.Nge2 Bxe3 11.Qxe3 Qb6 12.Qxb6 axb6 13.b4 b5 14.Kb2 Nb6 15.Ng3 Ne8
16.Nf5 Nc7 17.Rd6 Re8 18.Be2 Be6 19.Ne3 Red8 20.Rhd1 Rxd6 21.Rxd6 Kf8 22.Rd1 g6
23.h4 Ke7 24.a3 Bd7 25.Bd3 Ne6 26.Bxb5 cxb5 27.Ncd5+ Nxd5 28.Nxd5+ Ke8 29.Nf6+ Ke7
30.Nd5+  1/2-1/2

[Event "CSR-ch"]
[Site "Prague"]
[Date "1986.??.??"]
[Round "7"]
[White "Nun, Jiri"]
[Black "Vokac, Marek"]
[Result "1/2-1/2"]
[WhiteElo "2405"]
[BlackElo "2390"]

1.e4 d6 2.d4 Nf6 3.Nc3 c6 4.Nf3 Bg4 5.Be2 e6 6.O-O d5 7.exd5 Bxf3 8.Bxf3 cxd5
9.Ne2 Nc6 10.c4 Be7 11.Qb3 O-O 12.cxd5 Na5 13.Qa4 Nxd5 14.Nf4 a6 15.Nxd5 exd5
16.Qc2 Qd7 17.Bf4 Rac8 18.Qd3 Nc6 19.Rac1 Bf6 20.Be3 Ne7 21.h3 Rxc1 22.Rxc1 Rc8
23.Rxc8+ Qxc8 24.Qc3 Qd7 25.Qc5 h6 26.a3 g5 27.Bg4 Qd8 28.h4 Kg7 29.hxg5 hxg5
30.b4 Kg6 31.Bd1 Qd7 32.Bb3 Kg7 33.Qc1 Qf5 34.Bc2 Qg4 35.Qd1 Qxd1+ 36.Bxd1 Kf8
37.Bg4 Ke8 38.Kf1 Kd8 39.Ke2 Nc6 40.Kd3 Kc7 41.Bh5 Nd8 42.f4 gxf4 43.Bxf4+ Kc6
44.a4 Be7 45.Bd2 b5 46.a5 f6  1/2-1/2

[Event "BCF-ch"]
[Site "Southampton"]
[Date "1986.??.??"]
[Round "5"]
[White "Hazelton, Martin"]
[Black "Depasquale, Chris"]
[Result "1-0"]
[WhiteElo "2145"]
[BlackElo "2305"]

1.e4 Nf6 2.Nc3 d6 3.d4 c6 4.Be2 g6 5.h4 Nbd7 6.Be3 Qa5 7.Qd2 b5 8.Bf3 Bb7
9.Nh3 Nb6 10.b3 Bg7 11.h5 gxh5 12.Nf4 c5 13.Nxh5 Nxh5 14.Rxh5 Rc8 15.Ne2 Qa3
16.Rd1 cxd4 17.Bxd4 Bxd4 18.Qxd4 Rf8 19.Rxh7 Rxc2 20.Bg4 Qxa2 21.e5 d5 22.e6 f6
23.Rxe7+  1-0

[Event "Vienna op"]
[Site "Vienna"]
[Date "1986.??.??"]
[Round "?"]
[White "Hager, Franz"]
[Black "Hausner, Ivan"]
[Result "0-1"]
[WhiteElo "2340"]
[BlackElo "2400"]

1.d4 d6 2.e4 Nf6 3.Nc3 c6 4.Nf3 Bg4 5.Be2 e6 6.h3 Bh5 7.Be3 d5 8.exd5 exd5
9.g4 Bg6 10.Ne5 Nfd7 11.f4 Qb6 12.Nxd7 Nxd7 13.f5 Qxb2 14.Bd2 Bxf5 15.gxf5 Qb6
16.Bf4 Qb2 17.Bd2 Qb6 18.Bf4 Be7 19.Rb1 Bb4 20.Rb3 c5 21.a3 Bxc3+ 22.Rxc3 cxd4
23.Rd3 O-O 24.Rxd4 Rfe8 25.Kf1 Nf6 26.Bf3 Rac8 27.Rb4 Qa6+ 28.Qd3 Rc4 29.Bg5 h6
30.Bxf6 Qxf6 31.Rxc4 dxc4 32.Qxc4 Qxf5 33.Qd3 Qf4 34.Kf2 Qh4+ 35.Kg2 Qg5+
36.Kf2 Rd8 37.Qe4 Rd2+ 38.Ke1 Rd6 39.Kf2 Rf6 40.Qxb7 Qd2+ 41.Kf1 Qc1+ 42.Kf2 Qxc2+
43.Kf1 Qc1+ 44.Kf2 Qd2+ 45.Kf1 g6 46.Rg1 Re6 47.Qb1 Rf6 48.Qe4 Kg7 49.Rg2 Qc1+
50.Kf2 Qxa3 51.Kg3 Qd6+ 52.Kf2 a5 53.Kg1 a4  0-1

[Event "Berlin op"]
[Site "Berlin-West"]
[Date "1987.??.??"]
[Round "?"]
[White "Bauer, Peter2"]
[Black "Pribyl, Josef"]
[Result "0-1"]
[WhiteElo "2300"]
[BlackElo "2450"]

1.e4 d6 2.d4 Nf6 3.Nc3 c6 4.Be3 Qb6 5.Rb1 Ng4 6.Bg5 e5 7.Nf3 h6 8.Bh4 Nd7
9.Be2 Qc7 10.O-O Ngf6 11.a4 Be7 12.dxe5 dxe5 13.Bg3 O-O 14.Nd2 Bb4 15.f4 Bxc3
16.bxc3 Nc5 17.fxe5 Nfxe4 18.Nxe4 Nxe4 19.Qd3 Nxg3 20.Qxg3 Be6 21.Rb4 Rad8
22.Bd3 Rd5 23.Re4 Re8 24.Qf4 Ra5 25.h3 Qe7 26.Re3 Qg5 27.h4 Qxf4 28.Rxf4 Rd8
29.Kf2 Rdd5 30.Rb4 b6 31.Rbe4 Rdc5 32.g4 Rxc3 33.Rd4 Kf8 34.g5 Ke7 35.gxh6 gxh6
36.Kg3 c5 37.Rf4 c4 38.Bf5 Rxe3+  0-1

[Event "Berlin op"]
[Site "Berlin-West"]
[Date "1987.??.??"]
[Round "?"]
[White "Nykopp, Jan Michael F"]
[Black "Pribyl, Josef"]
[Result "1/2-1/2"]
[WhiteElo "2230"]
[BlackElo "2450"]

1.e4 d6 2.d4 Nf6 3.Nc3 c6 4.Nf3 Bg4 5.h3 Bh5 6.Be2 e6 7.O-O Be7 8.a4 O-O
9.Be3 d5 10.e5 Nfd7 11.Bd3 c5 12.g4 Bg6 13.Ne2 cxd4 14.Bxg6 dxe3 15.Bd3 exf2+
16.Kg2 Nc6 17.Rxf2 Ndxe5 18.Ng3 Nxf3 19.Rxf3 Ne5 20.Re3 Nxd3 21.Qxd3 Rc8
22.c3 Qb6 23.b4 Rxc3 24.Qxc3 Bf6 25.Re5 d4 26.Qc5 Bxe5 27.Qxe5 Qxb4 28.Nh5 Qb2+
29.Kg3 Qc3+ 30.Kh2 Qb2+ 31.Kg3 Qb3+ 32.Kh2  1/2-1/2

[Event "Camaguey-A"]
[Site "Camaguey"]
[Date "1987.??.??"]
[Round "?"]
[White "Zapata, Alonso"]
[Black "Andonov, Bogomil"]
[Result "1-0"]
[WhiteElo "2505"]
[BlackElo "2450"]

1.e4 d6 2.d4 Nf6 3.Nc3 Nbd7 4.Nf3 e5 5.Bc4 Be7 6.a4 c6 7.a5 O-O 8.O-O Rb8
9.Re1 b5 10.axb6 axb6 11.b3 b5 12.Bf1 Bb7 13.Bb2 Re8 14.g3 Bf8 15.Bg2 Qc7
16.Nb1 Ra8 17.Nbd2 Rxa1 18.Qxa1 g6 19.Bc3 Ra8 20.Qb2 exd4 21.Bxd4 Bg7 22.e5 dxe5
23.Nxe5 Re8 24.Qa1 Nxe5 25.Bxe5 Qb6 26.Rf1 Rd8 27.Bxf6 Bxf6 28.Qxf6 Rxd2
29.Re1 Rd8 30.Bd5  1-0

[Event "Debrecen"]
[Site "Debrecen"]
[Date "1987.??.??"]
[Round "3"]
[White "Barczay, Laszlo"]
[Black "Pribyl, Josef"]
[Result "1/2-1/2"]
[WhiteElo "2375"]
[BlackElo "2455"]

1.e4 d6 2.d4 Nf6 3.Nc3 c6 4.Nf3 Bg4 5.h3 Bh5 6.Bd3 e6 7.Bd2 Be7 8.Qe2 d5
9.O-O-O Bg6 10.Kb1 dxe4 11.Nxe4 Nxe4 12.Bxe4 Bxe4 13.Qxe4 Qd5 14.Qg4 Bf6
15.Ne5 h5 16.Qg3 Qxd4 17.Bg5 h4 18.Qb3 Qb6 19.Qf3 Bxe5 20.Rd8+ Qxd8 21.Bxd8 Kxd8
22.Qxf7 Kc8 23.Rd1 Bf6 24.Qxe6+ Kc7 25.Qf7+ Kc8  1/2-1/2

[Event "Debrecen"]
[Site "Debrecen"]
[Date "1987.??.??"]
[Round "8"]
[White "Suetin, Alexey S"]
[Black "Pribyl, Josef"]
[Result "0-1"]
[WhiteElo "2400"]
[BlackElo "2455"]

1.e4 d6 2.d4 Nf6 3.Nc3 c6 4.f4 Qa5 5.Bd3 e5 6.Nf3 Bg4 7.dxe5 dxe5 8.O-O exf4
9.Bxf4 Nbd7 10.h3 Bxf3 11.Qxf3 Ne5 12.Qe2 Bd6 13.Kh1 O-O 14.Nd1 Rfe8 15.Ne3 Bf8
16.Bh2 Nxd3 17.cxd3 Rad8 18.Rf5 Qa6 19.Nc4 b5 20.Ne5 c5 21.a3 c4 22.dxc4 bxc4
23.Raf1 Rd4 24.Qf3 Rxe4 25.Qd1 Qb5 26.Ng4 Qxf5 27.Rxf5 Re1+ 28.Rf1 Rxd1 29.Rxd1 Nxg4
30.hxg4 f6 31.Bg1 a6 32.Kh2 Rb8 33.Rd2 Rb3 34.Rd8 Kf7 35.Rd7+ Ke6 36.Ra7 Bd6+
37.g3 Rxg3 38.Kh1 Rxg1+  0-1

[Event "Halle-B"]
[Site "Halle"]
[Date "1987.??.??"]
[Round "3"]
[White "Okhotnik, Vladimir"]
[Black "Hennings, Artur"]
[Result "1/2-1/2"]
[WhiteElo "2370"]
[BlackElo "2360"]

1.e4 d6 2.d4 Nf6 3.Nc3 e5 4.Nf3 Nbd7 5.g3 c6 6.Bg2 Be7 7.O-O O-O 8.h3 b5
9.a3 Re8 10.Bg5 a6 11.Qd2 Qc7 12.Nh4 Nf8 13.d5 h6 14.Bxf6 Bxf6 15.Nf5 c5
16.a4 Bd7 17.Ra2 c4 18.axb5 axb5 19.Rfa1 Rxa2 20.Rxa2 Bg5 21.Qe2 g6 22.h4 gxf5
23.hxg5 b4 24.Nd1 f4 25.gxf4 exf4 26.Qd2 Ng6 27.Qxb4 Ne5 28.Ra6 Qd8 29.Qxd6 Qxg5
30.Qxh6 Qg4 31.Kh2 Qxd1 32.Qg5+ Ng6 33.Rxg6+  1/2-1/2

[Event "Halle-B"]
[Site "Halle"]
[Date "1987.??.??"]
[Round "7"]
[White "Varga, Zoltan"]
[Black "Hennings, Artur"]
[Result "1/2-1/2"]
[WhiteElo "2300"]
[BlackElo "2360"]

1.e4 d6 2.d4 Nf6 3.Nc3 e5 4.dxe5 dxe5 5.Qxd8+ Kxd8 6.Nf3 Bd6 7.Bc4 Be6 8.Bxe6 fxe6
9.Bg5 Nd7 10.O-O-O a6 11.Nd2 b5 12.f3 Ke7 13.Ne2 h6 14.Be3 c5 15.c3 c4 16.Kc2 Bc5
17.Nf1 Rac8 18.Bd2 Rhd8 19.Nc1 Nb6 20.Be3 Rxd1 21.Bxc5+ Rxc5 22.Kxd1 Rc8
23.Kc2 Nfd7 24.Ne3 Nc5 25.Ng4 Nbd7 26.Rd1 h5 27.Nf2 a5 28.a3 Nb8 29.Nh1 Nc6
30.Na2 Nd3 31.Nc1 Nf4 32.Nf2 Rf8 33.Rg1 Kd6 34.Nd1 Kc5 35.b4+ axb4 36.axb4+ Kb6
37.Ne3 g5 38.g3 Ng6 39.Rf1 Ra8 40.Kd2 Kc7 41.Ke2 Ra1 42.Nc2 Ra8 43.Rd1 Ra7
44.Ke3 Nf8 45.Ne2 Nd7 46.h4 gxh4 47.gxh4 Ra2 48.Kd2 Ra8 49.Rg1 Rd8 50.Ke3 Nb6
51.Rg7+ Kb8 52.Na3 Nxb4 53.Nxb5 Nd3 54.Rh7 Na4 55.f4 exf4+ 56.Nxf4 Nxf4 57.Kxf4 Rd3
58.Rxh5 Nxc3 59.Nxc3 Rxc3 60.Ke5 Rh3 61.Kxe6 c3 62.Rc5 Rxh4 63.Kd5 Rh3 64.Kd4 Kb7
65.e5 Kb6 66.Rc8 Kb7 67.Rc4 Rh4+  1/2-1/2

[Event "Jurmala"]
[Site "Jurmala"]
[Date "1987.??.??"]
[Round "?"]
[White "Toshkov, Tihomir"]
[Black "Pribyl, Josef"]
[Result "1/2-1/2"]
[WhiteElo "2460"]
[BlackElo "2450"]

1.e4 d6 2.d4 Nf6 3.Nc3 c6 4.f4 Qa5 5.e5 Ne4 6.Qf3 Nxc3 7.Bd2 Bf5 8.Bxc3 Qd5
9.Qxd5 cxd5 10.O-O-O Nc6 11.Ne2 e6 12.Ng3 Bg6 13.Be2 O-O-O 14.Rhf1 Ne7 15.Ba5 b6
16.Be1 h5 17.Rf3 Kb8 18.Rb3 Rc8 19.Bd3 Bxd3 20.Rdxd3 g6 21.a4 Bh6 22.Bd2 Rc6
23.Kd1 Kb7 24.Bb4 Nc8 25.Ne2 a6 26.g3 Bf8 27.Rdc3 Be7 28.Rxc6 Kxc6 29.Ng1 Kb7
30.Nf3 Rd8 31.h3 Rd7 32.g4 hxg4 33.hxg4 Rc7 34.Rc3 Rc4 35.Rxc4 dxc4 36.Nd2 b5
37.axb5 axb5 38.b3 cxb3 39.Nxb3 Kc6 40.Ke2 Kd5 41.Bd2 Ke4 42.Be3 dxe5 43.dxe5 g5
44.fxg5 Kxe5 45.Nd4 b4 46.Kd3 Kd5 47.Ne2 Bd6  1/2-1/2

[Event "Jurmala"]
[Site "Jurmala"]
[Date "1987.??.??"]
[Round "?"]
[White "Casper, Thomas"]
[Black "Pribyl, Josef"]
[Result "1/2-1/2"]
[WhiteElo "2435"]
[BlackElo "2450"]

1.e4 d6 2.d4 Nf6 3.Nc3 c6 4.a4 Qa5 5.Bd2 e5 6.dxe5 dxe5 7.Nd5 Qd8 8.Nxf6+ Qxf6
9.Nf3 Bg4 10.Bg5 Qxg5 11.Nxg5 Bxd1 12.Rxd1 Be7 13.Nf3 Nd7 14.Bc4 f6 15.Bf7+ Kxf7
16.Rxd7  1/2-1/2

[Event "Jurmala"]
[Site "Jurmala"]
[Date "1987.??.??"]
[Round "?"]
[White "Arnason, Jon L"]
[Black "Pribyl, Josef"]
[Result "1-0"]
[WhiteElo "2555"]
[BlackElo "2450"]

1.e4 d6 2.d4 Nf6 3.Nc3 c6 4.f4 Qa5 5.Bd3 e5 6.dxe5 dxe5 7.f5 Nbd7 8.Nf3 Bc5
9.Bd2 Ng4 10.Ng5 Nf2 11.Qh5 g6 12.Qf3 Nxh1 13.fxg6 Rf8 14.g7 Qc7 15.g8=Q  1-0

[Event "Kecskemet"]
[Site "Kecskemet"]
[Date "1987.??.??"]
[Round "?"]
[White "Gobet, Fernand"]
[Black "Pribyl, Josef"]
[Result "1-0"]
[WhiteElo "2355"]
[BlackElo "2455"]

1.e4 d6 2.d4 Nf6 3.Nc3 c6 4.f4 Qa5 5.Bd2 Qb6 6.Nf3 Bg4 7.h3 Bxf3 8.Qxf3 Qxd4
9.O-O-O Nbd7 10.g4 g6 11.h4 h5 12.g5 Ng4 13.Bh3 Bg7 14.Bxg4 hxg4 15.Qxg4 b5
16.Be1 Qc4 17.h5 gxh5 18.Rxh5 Rxh5 19.Qxh5 b4 20.Qe2 Qe6 21.Nb1 Qxa2 22.e5 a5
23.Qe4 Rc8 24.Bg3 dxe5 25.Qh7 Kf8 26.f5 Nb6 27.b3 Nd5 28.f6 exf6 29.Bf2 Ne7
30.Bc5 Re8 31.gxf6 Bxf6 32.Rg1  1-0

[Event "New York op"]
[Site "New York"]
[Date "1987.??.??"]
[Round "?"]
[White "Zuckerman, Bernard"]
[Black "London, Dimitri"]
[Result "1-0"]
[WhiteElo "2480"]
[BlackElo "2420"]

1.e4 d6 2.d4 Nf6 3.Nc3 c6 4.f4 Qb6 5.e5 Nd5 6.Nxd5 cxd5 7.Bd3 Nc6 8.c3 g6
9.Qe2 Bg7 10.Be3 O-O 11.Nf3 f6 12.O-O Qc7 13.exf6 Rxf6 14.Rae1 Bd7 15.Ng5 Raf8
16.h3 Nd8 17.Bc1 e6 18.h4 Nf7 19.Nxf7 R8xf7 20.h5 gxh5 21.Qxh5 Kf8 22.Qe2 h6
23.Rf3 Ke8 24.f5 Kd8 25.fxe6 Bxe6 26.Bf5 Bd7 27.Bg6 Rxf3 28.gxf3 Bxd4+ 29.cxd4 Rg7
30.Qd3 Bb5  1-0

[Event "NLD-chT"]
[Site "NLD"]
[Date "1987.??.??"]
[Round "?"]
[White "Winants, Luc"]
[Black "Ree, Hans"]
[Result "1-0"]
[WhiteElo "2415"]
[BlackElo "2440"]

1.d4 d6 2.e4 Nf6 3.Nc3 c6 4.Nf3 Bg4 5.Be2 e6 6.Bg5 Be7 7.Qd2 O-O 8.O-O-O d5
9.e5 Nfd7 10.Bxe7 Qxe7 11.Ng5 Bxe2 12.Nxe2 c5 13.f4 Nc6 14.Qd3 f5 15.exf6 Nxf6
16.dxc5 h6 17.h4 e5 18.Nc3 e4 19.Qh3 d4 20.Nb5 Qxc5 21.Qb3+ Kh8 22.Ne6 Qb6
23.Nxf8 Rxf8 24.Nxd4 Nb4 25.Kb1 Rd8 26.Ne6 Rd5 27.f5 e3 28.Rxd5 Nfxd5 29.a3 e2
30.axb4  1-0

[Event "Porabka"]
[Site "Porabka"]
[Date "1987.??.??"]
[Round "13"]
[White "Podlesnik, Bogdan"]
[Black "Genov, Petar"]
[Result "1/2-1/2"]
[WhiteElo "2380"]
[BlackElo "2375"]

1.e4 d6 2.d4 Nf6 3.Nc3 c6 4.Nge2 Nbd7 5.g3 e5 6.Bg2 Be7 7.O-O O-O 8.h3 b5
9.a3 Bb7 10.Be3 a6 11.Qd2 Qc7 12.Rfd1 Rfe8 13.dxe5 dxe5 14.Kh2  1/2-1/2

[Event "Bohemians"]
[Site "Prague"]
[Date "1987.??.??"]
[Round "?"]
[White "Trepp, Markus"]
[Black "Vokac, Marek"]
[Result "1/2-1/2"]
[WhiteElo "2405"]
[BlackElo "2430"]

1.e4 d6 2.d4 Nf6 3.Nc3 c6 4.Nge2 e5 5.g3 Be7 6.Bg2 O-O 7.O-O Nbd7 8.a4 a5
9.h3 Re8 10.b3 Bf8  1/2-1/2

[Event "Primorsko op"]
[Site "Primorsko"]
[Date "1987.??.??"]
[Round "9"]
[White "Csonkics, Tunde"]
[Black "Zlatanova, Emilia"]
[Result "1-0"]
[WhiteElo "2270"]
[BlackElo "2095"]

1.d4 d6 2.e4 Nf6 3.Nc3 Nbd7 4.f4 e5 5.Nf3 exd4 6.Qxd4 Be7 7.g4 O-O 8.g5 Ne8
9.Be3 Nb6 10.O-O-O Be6 11.f5 c5 12.Qd2 Bc4 13.Bh3 Qc7 14.Rhg1 f6 15.g6 hxg6
16.fxg6 f5 17.Bxf5 Bf6 18.Bg5 Qe7 19.Qg2 Bxg5+ 20.Nxg5 Qe5 21.Qh3 Nf6 22.Nd5 Bxd5
23.exd5 Rfe8 24.Be6+ Rxe6 25.Qxe6+ Qxe6 26.dxe6 d5 27.Rde1 Re8 28.Re2 Nc4
29.Rge1 Re7 30.b3 Nd6 31.Re5 b6 32.Nh7 Nde4 33.Nxf6+ Nxf6 34.h4 d4 35.h5 Ng4
36.Rd5 Kf8 37.Rd8+ Re8  1-0

[Event "Tatran Cup"]
[Site "Stary Smokovec"]
[Date "1987.??.??"]
[Round "?"]
[White "Kindermann, Stefan"]
[Black "Gross, Stefan"]
[Result "1-0"]
[WhiteElo "2490"]
[BlackElo "2430"]

1.e4 d6 2.d4 Nf6 3.Nc3 c6 4.Be2 e5 5.Nf3 Qc7 6.a4 Be7 7.a5 O-O 8.O-O Bg4
9.Be3 Nbd7 10.Nh4 Bxe2 11.Qxe2 Rfe8 12.Nf5 Bf8 13.dxe5 dxe5 14.Qf3 Re6 15.Rfd1 Bb4
16.a6 b6 17.Ne2 Nf8 18.Bg5 Ne8 19.Qb3 Bc5 20.Rd2 h6 21.Be3 Bxe3 22.Qxe3 Nd6
23.Qd3 Nxf5 24.exf5 Re7 25.Rad1 e4 26.Qg3 Qe5 27.Qxe5 Rxe5 28.g4 Ra5 29.Rd8 Rxd8
30.Rxd8 Rxa6 31.Nd4 Ra1+ 32.Kg2 Rd1 33.Nxc6 Rxd8 34.Nxd8 Nd7 35.Nc6 a5 36.Kg3 Kf8
37.Kf4 Nc5 38.Ke3 Ke8 39.Kd4 g6 40.fxg6 fxg6 41.Nxa5  1-0

[Event "Warsaw zt-B"]
[Site "Warsaw"]
[Date "1987.??.??"]
[Round "?"]
[White "Prandstetter, Eduard"]
[Black "Pekarek, Ales"]
[Result "0-1"]
[WhiteElo "2430"]
[BlackElo "2480"]

1.e4 d6 2.d4 Nf6 3.Nc3 c6 4.g3 Qb6 5.Bg2 e5 6.Nge2 Be7 7.O-O O-O 8.h3 Nbd7
9.Kh2 Re8 10.b3 Bf8 11.Be3 Qa5 12.f4 exd4 13.Bxd4 Nc5 14.Bxf6 gxf6 15.f5 Nd7
16.Rf4 Ne5 17.Rh4 Bd7 18.Qe1 Bg7 19.Rd1 Rad8 20.g4 d5 21.Qg3 d4 22.Rxd4 h6
23.Rh5 Bc8 24.Rxd8 Rxd8 25.h4 Qc7 26.Kh1 Qd6 27.Nf4 Qd2 28.g5 Kh7 29.gxh6 Bh8
30.Nh3 Rg8 31.Ng5+ fxg5 32.hxg5 Bf6 33.Nb1 Qd1+  0-1

[Event "Warsaw zt-A"]
[Site "Warsaw"]
[Date "1987.??.??"]
[Round "?"]
[White "Kuczynski, Robert"]
[Black "Jansa, Vlastimil"]
[Result "1/2-1/2"]
[WhiteElo "2450"]
[BlackElo "2465"]

1.e4 d6 2.d4 Nf6 3.Nc3 c6 4.g3 g6 5.Bg2 Bg7 6.Nge2 O-O 7.h3 e5 8.Be3 Nbd7
9.O-O b5 10.a3 Bb7 11.g4 a5 12.Ng3 b4 13.Nce2 d5 14.dxe5 Nxe5 15.Bc5 Re8
16.axb4 axb4 17.Rxa8 Qxa8 18.exd5 Nxd5 19.Ne4 Ba6 20.Re1 Bxe2 21.Rxe2 Nf4
22.Re1 Rd8 23.Qc1 Nxg2 24.Kxg2 b3 25.Rd1 Rd5 26.cxb3 Nd3 27.Qc2 Qe8 28.f3 Nxc5
29.Rxd5 cxd5 30.Nxc5 Bd4 31.Nd3 Qe3 32.h4 h6 33.b4 Kg7 34.b5 g5 35.hxg5 hxg5
36.Nf2 Kh6 37.Nh3 f6 38.Nf2 Kg7 39.Nh3 Bb6 40.Nf2 Kh6 41.Nh3 Qe5 42.Nf2 Kg7
43.Qd2 Kf7 44.Nd3 Qd6 45.Nb4 d4 46.Nd3 Qd5 47.Qe2 Qxb5 48.Qe4 Qb3 49.Kh3 Qc2
50.Qh7+ Kf8 51.Qh8+ Kf7 52.Qh7+ Kf8  1/2-1/2

[Event "Warsaw zt-A"]
[Site "Warsaw"]
[Date "1987.??.??"]
[Round "?"]
[White "Schmidt, Wlodzimierz"]
[Black "Andonov, Bogomil"]
[Result "1/2-1/2"]
[WhiteElo "2470"]
[BlackElo "2450"]

1.d4 d6 2.e4 Nf6 3.Nc3 Nbd7 4.Nf3 e5 5.Bc4 Be7 6.O-O O-O 7.Re1 c6 8.a4 b6
9.h3 a6 10.Bf1 Bb7 11.g3 Re8 12.Bg2 Qb8 13.Be3 Bd8 14.Nd2 b5 15.dxe5 dxe5
16.Nb3 b4 17.Nb1 a5 18.N1d2 Be7 19.Nc4 Qc7 20.c3 Red8 21.Qc2 Ne8 22.Red1 Nd6
23.Nxd6 Bxd6 24.Bf1 bxc3 25.bxc3 Bc8 26.Rab1 Re8 27.Rd2 Be7 28.Kh2 Nf8 29.Nc5 Ne6
30.Nxe6 Bxe6 31.Bb6 Qc8 32.Qd1 Bg5 33.Rdb2 Bd8 34.Qd6 Qd7 35.Qc5 Be7 36.Qe3 Ba3
37.Rd2 Qe7 38.Ra1 Reb8 39.f3 h6 40.h4 Rb7 41.Rad1 Rbb8 42.Ra1 Kh7 43.Qf2  1/2-1/2

[Event "Aarhus-A"]
[Site "Aarhus"]
[Date "1988.??.??"]
[Round "1"]
[White "Sorensen, Torben"]
[Black "Jacobsen, Bo"]
[Result "1-0"]
[WhiteElo "2360"]
[BlackElo "2280"]

1.d4 d6 2.e4 Nf6 3.Nc3 e5 4.dxe5 dxe5 5.Qxd8+ Kxd8 6.Bg5 Be7 7.O-O-O+ Nbd7
8.f4 Ng4 9.Nh3 c6 10.Be2 Ne3 11.Rd3 Nxg2 12.fxe5 f6 13.e6  1-0

[Event "Wch U20"]
[Site "Adelaide"]
[Date "1988.??.??"]
[Round "8"]
[White "Gdanski, Jacek"]
[Black "Blatny, Pavel"]
[Result "1/2-1/2"]
[WhiteElo "2395"]
[BlackElo "2490"]

1.e4 d6 2.d4 Nf6 3.Nc3 c6 4.f4 Qa5 5.Bd3 e5 6.Nf3 Bg4 7.Be3 Nbd7 8.Qd2 Bxf3
9.gxf3 Nh5 10.O-O-O O-O-O 11.Bc4 d5 12.exd5 Nb6 13.Bb3 exf4 14.Bxf4 cxd5
15.Bg3 Bb4 16.Qd3 Nxg3 17.hxg3 Bxc3 18.Qxc3+ Qxc3 19.bxc3 h6 20.Kd2 Kd7 21.Rde1 Rhe8
22.Kd3 Rxe1 23.Rxe1 Rc8 24.g4 Rc7 25.Re5 f6 26.Re1 Nc4 27.Bxc4 Rxc4 28.f4 Ra4
29.Rb1 b6 30.Ra1 Ra3 31.Kd2 b5 32.Rb1 a6 33.Rb2 Ke6 34.f5+ Kd6 35.Rb1 Kd7
36.Re1 Rxa2 37.Re6 Ra1 38.Rb6 Kc8 39.Rc6+ Kd7 40.Rb6 Ke7 41.Rb7+ Kf8 42.Rb8+ Kf7
43.Rb7+ Kg8 44.Rb8+ Kh7 45.Rd8 Rg1 46.Rxd5 Rxg4 47.Rd6 Rf4 48.Rxa6 Rxf5 49.c4 bxc4
50.Kc3 h5 51.Kxc4 Rf1 52.d5 Rd1 53.Kc5 h4 54.d6 g5 55.Ra3 g4 56.Rd3 Ra1 57.d7 Ra8
58.Kd4 h3 59.Ke3 h2 60.Rd1 Kg6 61.Kf2 Rd8 62.Kg2 Kf5 63.Kxh2 Ke6 64.Kg3 f5
65.Re1+ Kf6 66.Rd1 Ke6 67.Re1+ Kxd7 68.Re5 Rf8 69.Kf4 Kd6 70.c4 Rf7 71.c5+ Kc6
72.Kg3 Rf8 73.Kf4 Rf6 74.Kg3  1/2-1/2

[Event "GMA-Open"]
[Site "Belgrade"]
[Date "1988.??.??"]
[Round "?"]
[White "Miljanic, Boro"]
[Black "Acimovic, Svetozar"]
[Result "1-0"]
[WhiteElo "2340"]
[BlackElo "2370"]

1.e4 d6 2.d4 Nf6 3.Nc3 Nbd7 4.f4 e5 5.dxe5 dxe5 6.fxe5 Nxe5 7.Qxd8+ Kxd8
8.Bg5 Be7 9.Rd1+ Bd7 10.Nf3 Nfg4 11.Bxe7+ Kxe7 12.Nd5+ Kd8 13.h3 Nxf3+ 14.gxf3 Ne5
15.Kf2 c6 16.Ne3 Ke7 17.f4 Ng6 18.Kg3 Rad8 19.Bc4 Be6 20.f5 Bxc4 21.Nxc4 b5
22.Rxd8 Kxd8 23.fxg6 bxc4 24.gxf7 Ke7 25.Rf1 Rf8 26.Rf5 c3 27.b4 Rxf7 28.Rc5 Kd6
29.e5+ Kc7 30.Rxc3 Kb6 31.e6 Rf8 32.Kg4 a6 33.a4 g6 34.e7 Re8 35.Re3 h6 36.h4 Kc7
37.h5 gxh5+ 38.Kf5  1-0

[Event "GMA-Open"]
[Site "Belgrade"]
[Date "1988.??.??"]
[Round "?"]
[White "Rogulj, Branko"]
[Black "Soltis, Andrew E"]
[Result "1-0"]
[WhiteElo "2355"]
[BlackElo "2415"]

1.e4 d6 2.d4 Nf6 3.Nc3 c6 4.f4 Qa5 5.Bd3 e5 6.Nf3 Bg4 7.O-O Nbd7 8.Be3 Be7
9.h3 Bxf3 10.Qxf3 O-O 11.g4 exf4 12.Qxf4 h6 13.Ne2 Nh7 14.Ng3 Bg5 15.Qf3 c5
16.c3 cxd4 17.cxd4 Bxe3+ 18.Qxe3 Qg5 19.Rf4 g6 20.Bc4 Nb6 21.Bb3 Rae8 22.Qf2 Re7
23.Ne2 Rc7 24.Nc3 Qe7 25.Rf1 Ng5 26.Kg2 Kg7 27.a4 Rcc8 28.h4 Ne6 29.Rf6 a5
30.g5 h5 31.e5 Nc4 32.Nd5 Qd7 33.Bxc4 Rxc4 34.Nb6 Qc6+ 35.d5 Rg4+ 36.Kh1  1-0

[Event "GMA-Open"]
[Site "Belgrade"]
[Date "1988.??.??"]
[Round "?"]
[White "Karaklajic, Nikola"]
[Black "Palatnik, Semon"]
[Result "1/2-1/2"]
[WhiteElo "2385"]
[BlackElo "2500"]

1.e4 Nf6 2.Nc3 d6 3.d4 Nbd7 4.Nf3 e5 5.Bc4 Be7 6.a4 c6 7.O-O Qc7 8.h3 h6
9.Be3 g5 10.dxe5 dxe5 11.Nh2 Nf8 12.Ng4 Ng6 13.Nxf6+ Bxf6 14.Bc5 Be7 15.Bxe7 Qxe7
16.Qd2 Nf4 17.Rfd1 g4 18.Qd6 gxh3 19.g3 Qxd6 20.Rxd6 Ne6 21.Bxe6 Bxe6 22.f3 Ke7
23.Rdd1 a5 24.Kh2 Rad8 25.Rxd8 Rxd8 26.Rd1 Rf8 27.Re1 h5 28.Rd1 b6 29.Rd2 f5
30.exf5 Rxf5 31.Rd3 Bc4 32.Re3 Bf1 33.Ne4 Bg2 34.Nd2 b5 35.axb5 cxb5 36.Nb3 Rxf3
37.Rxe5+ Kf6 38.Rxh5 a4 39.Nd4 Rf1 40.g4 b4 41.Ra5 Rf2 42.Kg3 Rd2 43.g5+ Kf7
44.Nf5 Rxc2 45.Ra6 Bc6 46.Kxh3 Bd7 47.g6+ Kg8 48.Ra8+ Bc8 49.Kg4 Rc4+ 50.Kg3  1/2-1/2